[Event "Women's Speed Chess Q4"]
[Site "chess.com INT"]
[Date "2020.06.21"]
[Round "1"]
[White "Gvanceladze, Anna"]
[Black "Soumya, Swaminathan"]
[Result "1-0"]
[WhiteTitle "WFM"]
[BlackTitle "IM"]
[WhiteElo "2254"]
[BlackElo "2351"]
[WhiteFideId "4113721"]
[BlackFideId "5016193"]
[EventDate "2020.06.21"]

1. Nf3 Nf6 2. g3 g6 3. Bg2 Bg7 4. O-O d6 5. d4 O-O 6. a4 Nc6 7. a5 e5 8. a6 e4
9. axb7 Bxb7 10. Ne1 d5 11. Nc3 a5 12. Na4 Nb4 13. c3 Na6 14. Nc2 Bc6 15. Bf4
Nd7 16. Qd2 Rb8 17. Rfb1 Rb7 18. h4 h5 19. Bh3 Qb8 20. Ne3 Rd8 21. Bg5 Nf6 22.
Nc5 Nxc5 23. dxc5 Rb5 24. Ra2 Rxc5 25. Nc2 d4 26. Nxd4 Bd5 27. Ra4 Bb3 28. Ra3
Be6 29. Bxe6 fxe6 30. Qe3 Rcd5 31. Nxe6 Rd1+ 32. Rxd1 Rxd1+ 33. Kg2 Qe8 34. Nxg7
Kxg7 35. Bxf6+ Kxf6 36. Rxa5 Kg7 37. Ra7 Qc6 38. b4 Qb6 39. Qxb6 1-0

[Event "Women's Speed Chess Q4"]
[Site "chess.com INT"]
[Date "2020.06.21"]
[Round "1"]
[White "Gunina, Valentina"]
[Black "Petrova, Irina"]
[Result "0-1"]
[WhiteTitle "GM"]
[BlackTitle "WIM"]
[WhiteElo "2431"]
[BlackElo "2087"]
[WhiteFideId "4167570"]
[BlackFideId "14124122"]
[EventDate "2020.06.21"]

1. e4 d6 2. d4 Nf6 3. Nc3 e5 4. Nf3 Nbd7 5. Bc4 Be7 6. O-O O-O 7. Re1 c6 8. h3
b5 9. Bb3 b4 10. Na4 Bb7 11. c3 a5 12. a3 c5 13. dxe5 dxe5 14. Bd5 Nxd5 15. exd5
e4 16. Rxe4 Nf6 17. Rxe7 Qxe7 18. d6 Qd8 19. Bf4 Rc8 20. axb4 cxb4 21. cxb4 axb4
22. Nd4 Nd5 23. Bg3 Qg5 24. d7 Ra8 25. Qd3 Nf4 26. Qe3 Qd5 27. f3 Qxd4 28. Bxf4
Qxe3+ 29. Bxe3 Bc6 30. Bc5 Rfd8 31. b3 Rxd7 32. Bxb4 Bxa4 33. bxa4 Rd4 34. Bc3
Rdxa4 35. Re1 h6 36. Kh2 Ra2 37. Re7 Rc2 38. Bd4 Raa2 39. Kg3 Rxg2+ 40. Kf4 Ra4
41. Re8+ Kh7 42. Ke3 Rg3 43. Re7 Ra3+ 0-1

[Event "Women's Speed Chess Q4"]
[Site "chess.com INT"]
[Date "2020.06.21"]
[Round "1"]
[White "Zavivaeva, Evelina"]
[Black "Toncheva, Nadya"]
[Result "0-1"]
[WhiteTitle "WCM"]
[BlackTitle "WFM"]
[WhiteElo "1619"]
[BlackElo "2064"]
[WhiteFideId "44127839"]
[BlackFideId "2924056"]
[EventDate "2020.06.21"]

1. e4 c5 2. c3 d5 3. exd5 Qxd5 4. d4 Nf6 5. Nf3 e6 6. Bb5+ Bd7 7. Bxd7+ Nbxd7 8.
O-O Bd6 9. Bg5 O-O 10. Nbd2 cxd4 11. cxd4 h6 12. Bh4 Rac8 13. a3 Qf5 14. Rc1 Nd5
15. Bg3 Bxg3 16. hxg3 Rfd8 17. Qe2 Nb8 18. Qe4 Qf6 19. Nb3 Nc6 20. Ne5 Nde7 21.
Rfd1 Rd5 22. Qf4 Qxf4 23. gxf4 Rcd8 24. Nf3 Nf5 25. Rc4 Kf8 26. g4 Nd6 27. Rc2
Ne8 28. Rcd2 Nf6 29. Kf1 Nxg4 30. Ke2 h5 31. Rh1 g6 32. Rhd1 Ke7 33. Ne5 Ncxe5
34. dxe5 Rxd2+ 35. Rxd2 Rxd2+ 36. Nxd2 Nh6 37. Ne4 Nf5 38. Nc5 b6 39. Nb3 h4 40.
Kf3 Kd7 41. Nd2 Kc6 42. Kg2 Kd5 43. Kh3 Kd4 44. Kg2 Kd3 45. Nf1 Ke4 46. Nd2+
Kxf4 47. Nf3 h3+ 48. Kxh3 Kxf3 0-1

[Event "Women's Speed Chess Q4"]
[Site "chess.com INT"]
[Date "2020.06.21"]
[Round "1"]
[White "De Seroux, Camille"]
[Black "Pham, Bich Ngoc"]
[Result "0-1"]
[WhiteTitle "WIM"]
[BlackTitle "WIM"]
[WhiteElo "2137"]
[BlackElo "2235"]
[WhiteFideId "1305620"]
[BlackFideId "12401285"]
[EventDate "2020.06.21"]

1. e4 g6 2. d4 Bg7 3. Be3 d6 4. Nc3 Nc6 5. Qd2 e5 6. Nge2 exd4 7. Nxd4 Nge7 8.
O-O-O O-O 9. h4 h5 10. f3 Ne5 11. Bh6 N7c6 12. Bxg7 Kxg7 13. g4 hxg4 14. h5 Rg8
15. hxg6 Rh8 16. Bg2 Nxd4 17. Qxd4 Qg5+ 18. Kb1 Rxh1 19. Rxh1 Be6 20. Nd5 Bxd5
21. exd5 gxf3 22. Bxf3 fxg6 23. Be4 Rf8 24. a3 b6 25. Rg1 Qf6 26. Qe3 Qf4 27.
Qe2 Qf2 28. Qxf2 Rxf2 29. Kc1 Kf6 30. b3 a5 31. Kb2 g5 32. Kc3 g4 33. Kd4 Kg5
34. Ke3 Rh2 35. c4 Rb2 36. Rb1 Rh2 37. Rf1 Rh3+ 38. Kd4 Rxb3 39. Rf5+ Kh4 40.
Rf6 Rxa3 41. Bf5 Kg5 42. Rf8 Ra4 43. Bd3 b5 0-1

[Event "Women's Speed Chess Q4"]
[Site "chess.com INT"]
[Date "2020.06.21"]
[Round "1"]
[White "Muminova, Nafisa"]
[Black "Tarleva, Vira"]
[Result "1/2-1/2"]
[WhiteTitle "WGM"]
[BlackTitle "WFM"]
[WhiteElo "2274"]
[BlackElo "2030"]
[WhiteFideId "14201526"]
[BlackFideId "14116693"]
[EventDate "2020.06.21"]

1. d4 d5 2. Nc3 Nf6 3. Bf4 e6 4. Nb5 Na6 5. e3 c6 6. Nc3 Nc7 7. Nf3 Bd6 8. Ne5
O-O 9. Bd3 c5 10. Qf3 c4 11. Be2 b5 12. a3 a5 13. O-O Bb7 14. Bg5 Be7 15. Bf4 b4
16. Na4 Ne4 17. axb4 axb4 18. Qh3 f6 19. Nf3 Kf7 20. b3 c3 21. Bd3 Rh8 22. Rfd1
h5 23. Ne1 g5 24. Bxc7 Qxc7 25. f3 g4 26. fxg4 hxg4 27. Qxg4 Qxh2+ 28. Kf1 Rag8
29. Qf4 Qh1+ 30. Ke2 Ng3+ 31. Kf2 Rh4 32. Qc7 Ne4+ 33. Bxe4 Rxe4 34. Nc5 Qh4+
35. Kg1 Reg4 36. Nxb7 Qg5 37. Nd6+ Kg6 38. Qxe7 Qxe3+ 39. Kf1 Rf4+ 40. Nf3 Rxf3+
41. gxf3 Qxf3+ 42. Ke1 Qe3+ 43. Kf1 Qf3+ 44. Ke1 Qe3+ 45. Kf1 Qf3+ 1/2-1/2

[Event "Women's Speed Chess Q4"]
[Site "chess.com INT"]
[Date "2020.06.21"]
[Round "1"]
[White "Filippova, Margarita"]
[Black "Tsotsonava, Elene"]
[Result "1-0"]
[WhiteTitle "WFM"]
[BlackTitle "WFM"]
[WhiteElo "1931"]
[BlackElo "2012"]
[WhiteFideId "34199680"]
[BlackFideId "13615939"]
[EventDate "2020.06.21"]

1. Nf3 d5 2. d4 c5 3. c4 dxc4 4. Nc3 Nf6 5. e3 cxd4 6. exd4 e6 7. Bxc4 Be7 8.
O-O Nc6 9. Bg5 O-O 10. Qd2 b6 11. Qf4 Bb7 12. Rad1 Nb4 13. Rfe1 Rc8 14. Bb3 h6
15. Bxf6 Bxf6 16. d5 Nxd5 17. Nxd5 Bxd5 18. Bxd5 exd5 19. Nd4 Qc7 20. Qg4 Rfe8
21. Nf5 Kh8 22. g3 Bxb2 23. Rxe8+ Rxe8 24. Rxd5 Qc6 25. Qf3 Qf6 26. Kg2 Re5 27.
Rxe5 Qxe5 28. Ne3 Qc7 29. Qe4 Be5 30. Nd5 Qd6 31. f4 Bb2 32. Qe8+ Kh7 33. Qxf7
Qc6 34. Kh3 Qg6 35. Qd7 Qh5+ 36. Kg2 Qe2+ 37. Kh3 Qh5+ 38. Kg2 Qe2+ 39. Kh3 Qf1+
40. Kh4 Qg2 41. Qf5+ Kh8 42. h3 Bd4 43. Qf8+ Kh7 44. Qf5+ Kh8 45. g4 Bf2+ 46.
Kh5 Qxh3+ 47. Kg6 1-0

[Event "Women's Speed Chess Q4"]
[Site "chess.com INT"]
[Date "2020.06.21"]
[Round "1"]
[White "Goryachkina, Aleksandra"]
[Black "Zhuravleva, Olga"]
[Result "1/2-1/2"]
[WhiteTitle "GM"]
[BlackTitle "WIM"]
[WhiteElo "2582"]
[BlackElo "2278"]
[WhiteFideId "4147103"]
[BlackFideId "4145933"]
[EventDate "2020.06.21"]

1. e4 e5 2. Nf3 Nc6 3. d4 exd4 4. Bc4 Nf6 5. O-O Nxe4 6. Re1 d5 7. Bxd5 Qxd5 8.
Nc3 Qa5 9. Nxe4 Be6 10. Neg5 O-O-O 11. Nxe6 fxe6 12. Rxe6 Bd6 13. Bg5 Rdf8 14.
Qe2 h6 15. Bh4 a6 16. a3 Kb8 17. Re1 Qd5 18. Bg3 Bxg3 19. hxg3 Rd8 20. Qd3 Rhf8
21. Qg6 Qd7 22. Qe4 Qd5 23. Qxd5 Rxd5 24. Rd1 Rfd8 25. Rd3 R5d6 26. Re4 Ka7 27.
Kf1 b6 28. Ke2 Kb7 29. g4 Rd5 30. Kd2 R8d7 31. Re6 Nd8 32. Re4 c5 33. Kc1 Nc6
34. b3 b5 35. Rd1 Kb6 36. Re6 R7d6 37. Rde1 c4 38. b4 a5 39. Rxd6 Rxd6 40. Ne5
axb4 41. Nxc6 Kxc6 42. axb4 Rd7 43. Re5 Rf7 44. f3 Rd7 45. Kd2 Kb6 46. Re6+ Kb7
47. Re5 Kb6 48. Re6+ Kb7 49. Re5 Kb6 1/2-1/2

[Event "Women's Speed Chess Q4"]
[Site "chess.com INT"]
[Date "2020.06.21"]
[Round "1"]
[White "Mudodo, Refiloe Hazel"]
[Black "Dwilewicz, Katarzyna"]
[Result "0-1"]
[WhiteTitle "WCM"]
[BlackTitle "WFM"]
[WhiteElo "1543"]
[BlackElo "2120"]
[WhiteFideId "11000821"]
[BlackFideId "1148486"]
[EventDate "2020.06.21"]

1. e4 e5 2. Nf3 Nc6 3. Bb5 a6 4. Ba4 Nf6 5. Qe2 b5 6. Bb3 Bc5 7. c3 O-O 8. O-O
Re8 9. Rd1 Bb6 10. d3 h6 11. Nbd2 d5 12. Nf1 d4 13. Ng3 a5 14. a3 Qd6 15. Bd2
Be6 16. Bxe6 fxe6 17. a4 dxc3 18. bxc3 b4 19. Be1 Red8 20. h3 Ne7 21. d4 Qc6 22.
Nxe5 Qb7 23. Rac1 Rd6 24. Nf3 Rd7 25. cxb4 axb4 26. Bxb4 Rxa4 27. e5 Nfd5 28.
Qb5 Qa6 29. Qxd7 Rxb4 30. Qe8+ Kh7 31. Ne4 Rb2 32. Neg5+ hxg5 33. Nxg5+ Kh6 34.
Qh8+ Kxg5 35. Qxg7+ Ng6 36. h4+ Kf5 37. Qf7+ Kg4 38. Qxg6+ Kf4 39. Qh6+ Ke4 0-1

[Event "Women's Speed Chess Q4"]
[Site "chess.com INT"]
[Date "2020.06.21"]
[Round "1"]
[White "Sowa, Wiktoria"]
[Black "Solozhenkina, Elizaveta"]
[Result "1-0"]
[WhiteTitle "WFM"]
[BlackTitle "WIM"]
[WhiteElo "2093"]
[BlackElo "2301"]
[WhiteFideId "21836701"]
[BlackFideId "34106615"]
[EventDate "2020.06.21"]

1. e4 c6 2. d4 d5 3. exd5 cxd5 4. c4 Nf6 5. Nc3 e6 6. Nf3 Be7 7. cxd5 Nxd5 8.
Bd3 O-O 9. O-O Nc6 10. a3 Bf6 11. Re1 g6 12. Bc2 Bg7 13. Bg5 Qb6 14. Na4 Qc7 15.
Rc1 h6 16. Bh4 b6 17. b4 a6 18. Bg3 Qb7 19. Be4 Bd7 20. Nc3 Nf6 21. Bb1 Rfd8 22.
Ne4 Be8 23. Nd6 Qe7 24. Nxe8 Qxe8 25. Bc7 Nd5 26. Bxd8 Rxd8 27. Qc2 Nce7 28. Ne5
Nf4 29. Qe4 Nfd5 30. Ba2 Nf5 31. Nc6 Nf6 32. Qf4 Rd7 33. Rcd1 Kh7 34. d5 g5 35.
Qf3 g4 36. Qf4 Qc8 37. Ne5 Nxd5 38. Bxd5 Rxd5 39. Rxd5 exd5 40. Nxf7 d4 41. Nd6
Nxd6 42. Qxd6 Qc3 43. Qe6 Qc2 44. g3 a5 45. bxa5 bxa5 46. Qf7 Qg6 47. Qd7 1-0

[Event "Women's Speed Chess Q4"]
[Site "chess.com INT"]
[Date "2020.06.21"]
[Round "1"]
[White "Dzagnidze, Nana"]
[Black "Sapale, Saloni"]
[Result "1-0"]
[WhiteTitle "GM"]
[BlackTitle "WIM"]
[WhiteElo "2524"]
[BlackElo "2147"]
[WhiteFideId "13601903"]
[BlackFideId "5085527"]
[EventDate "2020.06.21"]

1. d4 Nf6 2. Nf3 g6 3. c4 Bg7 4. Nc3 d5 5. Bf4 c5 6. dxc5 Qa5 7. cxd5 Nxd5 8.
Qxd5 Bxc3+ 9. Bd2 Bxd2+ 10. Qxd2 Qxd2+ 11. Nxd2 a5 12. e3 O-O 13. Rc1 Be6 14.
Bc4 Bxc4 15. Rxc4 Nd7 16. Ke2 Rfc8 17. Rhc1 Ra6 18. Nb3 a4 19. Nd4 e5 20. c6
bxc6 21. Nxc6 Re8 22. a3 Nb6 23. Rc5 Nd7 24. Rd5 Re6 25. Rxd7 Rexc6 26. Rxc6
Rxc6 27. Kd2 Rf6 28. f3 e4 29. f4 Rb6 30. Kc2 Rc6+ 31. Kb1 Rc4 32. Rb7 Kg7 33.
Rb4 Rxb4 34. axb4 Kf6 35. Ka2 Ke6 36. b3 axb3+ 37. Kxb3 Kd5 38. Kc3 f5 39. h4
Kd6 40. Kc4 Kc6 41. b5+ Kb6 42. Kb4 Kb7 43. Kc5 Kc7 44. b6+ Kb7 45. Kb5 Kb8 46.
Kc6 Kc8 47. b7+ Kb8 48. Kb6 h6 49. Kc6 g5 50. hxg5 hxg5 51. fxg5 f4 52. g6 fxe3
53. g7 e2 54. g8=Q+ Ka7 55. b8=Q+ Ka6 56. Qb6# 1-0

[Event "Women's Speed Chess Q4"]
[Site "chess.com INT"]
[Date "2020.06.21"]
[Round "1"]
[White "Chitlange, Sakshi"]
[Black "Andriasyan, Siranush"]
[Result "0-1"]
[WhiteTitle "WIM"]
[BlackTitle "WIM"]
[WhiteElo "2167"]
[BlackElo "2298"]
[WhiteFideId "35002899"]
[BlackFideId "13301926"]
[EventDate "2020.06.21"]

1. d4 Nf6 2. c4 e6 3. Nf3 c5 4. d5 b5 5. Bg5 exd5 6. cxd5 d6 7. a4 b4 8. Nbd2
Be7 9. Nc4 Bb7 10. Bxf6 Bxf6 11. e4 O-O 12. Bd3 Ba6 13. Qc2 Bxc4 14. Bxc4 Nd7
15. O-O Ne5 16. Nxe5 Bxe5 17. Rae1 Qg5 18. Kh1 Qf4 19. g3 Qf3+ 20. Kg1 Bd4 21.
Be2 Qf6 22. b3 Rfe8 23. Kg2 Bc3 24. Rd1 Qg6 25. Bd3 Qh5 26. f4 g6 27. Be2 Qh6
28. Bf3 Qg7 29. Qd3 Rad8 30. Rf2 h5 31. Re2 h4 32. Qc4 Qf6 33. Rf1 hxg3 34. hxg3
Kg7 35. Rc2 Rh8 36. Rcc1 Rh6 37. Rh1 Rdh8 38. Rxh6 Rxh6 39. Qe2 Rh8 40. Rf1 Qd4
41. Rd1 Qf6 42. Qa6 Qe7 43. e5 dxe5 44. d6 Qd7 45. g4 e4 46. Be2 Rh4 47. Qc4
Rxg4+ 48. Bxg4 Qxg4+ 49. Kh2 Qxd1 50. Qxe4 Qd2+ 51. Kg3 Bf6 52. Qc6 Qe3+ 53. Kg2
Qxf4 54. d7 Qd2+ 55. Kh1 Qd1+ 56. Kg2 Qd4 57. a5 g5 58. a6 g4 59. Qc7 Qd2+ 60.
Kg3 Qe3+ 61. Kxg4 Qg1+ 62. Kh3 Qh1+ 63. Kg4 Qg2+ 64. Kf5 Qf3+ 65. Qf4 Qxf4+ 66.
Kxf4 c4 0-1

[Event "Women's Speed Chess Q4"]
[Site "chess.com INT"]
[Date "2020.06.21"]
[Round "1"]
[White "Ambartsumova, Karina"]
[Black "Meenakshi, Subbaraman"]
[Result "1-0"]
[WhiteTitle "IM"]
[BlackTitle "WGM"]
[WhiteElo "2371"]
[BlackElo "2171"]
[WhiteFideId "4166299"]
[BlackFideId "5004381"]
[EventDate "2020.06.21"]

1. c4 e5 2. Nc3 d6 3. d4 f5 4. dxe5 dxe5 5. Qxd8+ Kxd8 6. Bg5+ Be7 7. O-O-O+ Bd7
8. Nf3 Nc6 9. Bxe7+ Ngxe7 10. Ng5 Ke8 11. Nd5 Nxd5 12. cxd5 Nd4 13. e3 Nb5 14.
Nf3 e4 15. Ne5 Nd6 16. Be2 Ke7 17. h4 Rad8 18. Nxd7 Rxd7 19. g4 Kf6 20. Rhg1 g6
21. h5 g5 22. f4 exf3 23. Bxf3 Re8 24. gxf5 Nxf5 25. e4 Nd6 26. Rdf1 Rde7 27.
Bd1+ Ke5 28. Rxg5+ Kxe4 29. Bc2+ Kd4 30. Rd1+ Kc5 31. a3 a5 32. h6 b5 33. Rg7
Rxg7 34. hxg7 Rg8 35. Rg1 Ne8 36. Re1 Nf6 37. Re7 Nxd5 38. Rf7 Ne3 39. Bxh7 Rd8
40. b4+ Kc4 41. g8=Q Rd1+ 42. Kb2 Rd2+ 43. Bc2 Rxc2+ 44. Kb1 Kb3 45. Rf3+ Ka4
46. Rxe3 Rc4 47. bxa5 Kxa5 48. Qa8+ Kb6 49. Re6+ c6 50. Qd8+ Kc5 51. Qd6+ Kb6
52. Re8 b4 53. Rb8+ Ka5 54. axb4+ Ka4 55. Qd1+ Ka3 56. Qd3+ Ka4 57. Qxc4 1-0

[Event "Women's Speed Chess Q4"]
[Site "chess.com INT"]
[Date "2020.06.21"]
[Round "1"]
[White "Nurmanova, Alua"]
[Black "Tokhirjonova, Gulrukhbegim"]
[Result "1-0"]
[WhiteTitle "WFM"]
[BlackTitle "WGM"]
[WhiteElo "2026"]
[BlackElo "2378"]
[WhiteFideId "13729390"]
[BlackFideId "14203626"]
[EventDate "2020.06.21"]

1. e4 e5 2. Nf3 Nc6 3. Bb5 a6 4. Ba4 Nf6 5. O-O Nxe4 6. d4 b5 7. Bb3 d5 8. dxe5
Be6 9. c3 Be7 10. Nbd2 Nc5 11. Bc2 d4 12. cxd4 Nxd4 13. Nxd4 Qxd4 14. Nf3 Qxd1
15. Rxd1 h6 16. Bd2 O-O 17. Bc3 Rfd8 18. h3 Nd7 19. Be4 Rab8 20. Nd4 Nc5 21. Bf3
Bd5 22. Bxd5 Rxd5 23. Nc6 Rxd1+ 24. Rxd1 Re8 25. Nxe7+ Rxe7 26. Bb4 Rxe5 27. f4
Rf5 28. g4 Rxf4 29. Bxc5 Rc4 30. Be3 f6 31. Kf2 Kf7 32. Rd4 Rc2+ 33. Rd2 Rc4 34.
b3 Rc6 35. Kf3 Kg6 36. Ke4 h5 37. Bf4 hxg4 38. hxg4 Rc3 39. Kd4 Rc1 40. Rg2 c5+
41. Kd5 Rc3 42. g5 Kf5 43. gxf6 gxf6 44. Rf2 Kg6 45. Bd6 c4 46. Rxf6+ Kg5 47.
Bf4+ Kg4 48. bxc4 Rxc4 49. Bd6 a5 50. Rg6+ Kf3 51. Rg3+ Ke2 52. Rb3 Rc2 53. a3
b4 54. axb4 axb4 55. Bxb4 Ra2 56. Ke4 Kf2 57. Bc5+ Kg2 58. Bd4 Re2+ 59. Kf4 Ra2
60. Rd3 Rc2 61. Rg3+ Kf1 62. Kf3 Rf2+ 63. Ke3 Re2+ 64. Kd3 Rg2 65. Rf3+ Ke1 66.
Bc3+ 1-0

[Event "Women's Speed Chess Q4"]
[Site "chess.com INT"]
[Date "2020.06.21"]
[Round "1"]
[White "Khalafova, Narmin"]
[Black "Zavivaeva, Emilia"]
[Result "0-1"]
[WhiteTitle "WGM"]
[BlackTitle "WCM"]
[WhiteElo "2279"]
[BlackElo "1735"]
[WhiteFideId "13402625"]
[BlackFideId "34127531"]
[EventDate "2020.06.21"]

1. e4 c5 2. Be2 e6 3. f4 d5 4. d3 Nc6 5. Nf3 Nf6 6. e5 Nd7 7. O-O Be7 8. c4 d4
9. Nbd2 O-O 10. Ne4 f5 11. exf6 Nxf6 12. Nfd2 e5 13. f5 Nxe4 14. dxe4 Bg5 15.
Nf3 Bxc1 16. Rxc1 b6 17. a3 Qf6 18. Ne1 Bb7 19. Nd3 Na5 20. Bf3 Rae8 21. b4 cxb4
22. axb4 Nc6 23. c5 b5 24. Qb3+ Qf7 25. Qd1 Re7 26. Qd2 a6 27. Rb1 Qc4 28. Bd1
Kh8 29. Bb3 Qc3 30. Qe2 Nxb4 31. Nxb4 Qxb4 32. c6 Bxc6 33. Qh5 Qd6 34. Rf3 Rf6
35. Qg4 a5 36. Rh3 Rh6 37. Rc1 a4 38. Be6 Rxh3 39. gxh3 d3 40. Qg5 d2 41. Rd1
Qd4+ 42. Kf1 Qd3+ 43. Kf2 Qd4+ 44. Kf1 Bxe4 45. Rxd2 Bd3+ 46. Kg2 Qe4+ 47. Kf2
Re8 48. f6 Qd4+ 49. Kg2 Be4+ 0-1

[Event "Women's Speed Chess Q4"]
[Site "chess.com INT"]
[Date "2020.06.21"]
[Round "1"]
[White "Cholleti, Sahajasri"]
[Black "Khotenashvili, Bela"]
[Result "0-1"]
[WhiteTitle "WIM"]
[BlackTitle "GM"]
[WhiteElo "2235"]
[BlackElo "2458"]
[WhiteFideId "5045118"]
[BlackFideId "13602640"]
[EventDate "2020.06.21"]

1. d4 Nf6 2. Bf4 g6 3. Nc3 d5 4. e3 Bg7 5. h4 h5 6. Nf3 O-O 7. Be2 Bg4 8. Ne5
Bxe2 9. Qxe2 Nbd7 10. O-O-O c5 11. g4 Nxe5 12. dxe5 Nxg4 13. Nxd5 Qa5 14. Nxe7+
Kh7 15. Kb1 Nxe5 16. Nf5 Bh8 17. Ng3 Ng4 18. f3 Qb6 19. c3 Nf6 20. Rd6 Qa5 21.
Be5 Ne8 22. Rd5 Nc7 23. Bxc7 Qxc7 24. Ne4 b6 25. f4 Rad8 26. Rxh5+ Kg8 27. Rxh8+
Kxh8 28. h5 g5 29. fxg5 Qe5 30. Qg4 Rfe8 31. Nf6 Re6 32. e4 Rd2 33. h6 c4 34. a4
b5 35. g6 fxg6 36. Qxg6 Qxf6 37. Qg4 Qg6 38. Qf4 Rd8 39. Rf1 Rg8 40. h7 Rge8 41.
Qf3 Qxe4+ 42. Qxe4 Rxe4 43. Rg1 Re1+ 44. Rxe1 Rxe1+ 45. Ka2 Kxh7 46. Ka3 Kg6 47.
a5 Kf5 48. Kb4 Rb1 49. Kxb5 Ke4 50. Kxc4 Rxb2 51. Kc5 Kd3 52. c4 Rc2 53. Kb5
Rxc4 54. Ka6 Kd4 55. Kxa7 Kc5 56. a6 Rh4 57. Ka8 Kb6 58. Kb8 Rh8# 0-1

[Event "Women's Speed Chess Q4"]
[Site "chess.com INT"]
[Date "2020.06.21"]
[Round "1"]
[White "Dauletova, Gulmira"]
[Black "Starosta, Martyna"]
[Result "1-0"]
[WhiteTitle "WIM"]
[BlackTitle "WCM"]
[WhiteElo "2319"]
[BlackElo "2079"]
[WhiteFideId "13702971"]
[BlackFideId "21818754"]
[EventDate "2020.06.21"]

1. e4 e5 2. Nf3 Nc6 3. Bb5 a6 4. Ba4 Nf6 5. O-O Be7 6. Re1 b5 7. Bb3 O-O 8. a4
Bb7 9. d3 Re8 10. Nc3 b4 11. Nd5 Na5 12. Nxe7+ Qxe7 13. Ba2 h6 14. Nh4 d5 15.
Nf5 Qd7 16. Qf3 dxe4 17. Nxh6+ Kf8 18. Qe3 b3 19. Qc5+ Qd6 20. Qxa5 bxa2 21. Be3
Nd7 22. Nf5 Qg6 23. dxe4 Bxe4 24. Qb4+ Kg8 25. Qxe4 Nf6 26. Qf3 e4 27. Qf4 Nd5
28. Qg5 Qxg5 29. Bxg5 Re5 30. g4 g6 31. f4 Ree8 32. Ng3 Kg7 33. Nxe4 Nb4 34.
Bf6+ Kg8 35. Re2 Nxc2 36. Rxa2 Nb4 37. Ra3 Nd5 38. Be5 f6 39. Bxf6 Kf7 40. Be5
g5 41. Nxg5+ Kg6 42. Rh3 Nxf4 43. Bxf4 Rxe2 44. Rd3 Re1+ 45. Kf2 Rb1 46. Rd2 Rb8
47. Ne4 R8xb2 48. Rxb2 Rxb2+ 49. Kf3 Rb4 50. a5 Ra4 51. Bd2 Rd4 52. h4 Rd3+ 53.
Ke2 Rd4 54. Ke3 Rd5 55. h5+ Kg7 56. Kf4 Rd4 57. Bc3 1-0

[Event "Women's Speed Chess Q4"]
[Site "chess.com INT"]
[Date "2020.06.21"]
[Round "1"]
[White "Golubenko, Valentina"]
[Black "Batsiashvili, Nino"]
[Result "0-1"]
[WhiteTitle "WGM"]
[BlackTitle "GM"]
[WhiteElo "2209"]
[BlackElo "2457"]
[WhiteFideId "4501993"]
[BlackFideId "13602993"]
[EventDate "2020.06.21"]

1. d4 d5 2. g3 Nf6 3. Bg2 e6 4. c4 c5 5. cxd5 exd5 6. Nc3 cxd4 7. Qxd4 Nc6 8.
Qd1 d4 9. Ne4 Nxe4 10. Bxe4 Be7 11. Qc2 Nb4 12. Qb1 Be6 13. a3 Nd5 14. Nf3 Bf6
15. O-O Qb6 16. Bf4 h6 17. Be5 O-O 18. Rd1 Bxe5 19. Nxe5 Nf6 20. Bf5 Bxf5 21.
Qxf5 Rad8 22. Nd3 Rd5 23. Qf4 Re8 24. Qf3 Rd6 25. b4 Ne4 26. Nf4 a5 27. bxa5
Qxa5 28. Rd3 b5 29. Rad1 Qb6 30. Qg4 Nf6 31. Qf5 g5 32. Nh3 Rxe2 33. Nxg5 hxg5
34. Qxg5+ Kf8 35. Qh6+ Ke7 36. Qh4 Ree6 37. Rxd4 Rxd4 38. Rxd4 Re1+ 39. Kg2 Qc6+
40. Kh3 Qe6+ 41. Kg2 Re4 42. Rxe4 Qxe4+ 43. Qxe4+ Nxe4 44. Kf3 Nd2+ 45. Ke3 Nb1
46. Kd4 Nxa3 47. Kc5 Ke6 48. Kb4 Nb1 49. Kxb5 Nc3+ 50. Kc4 Ne4 51. f3 Nd2+ 52.
Kd3 Nxf3 53. h4 Kf5 54. Ke3 Kg4 55. Kf2 Nxh4 56. gxh4 Kxh4 57. Kf3 Kg5 58. Kg3
f6 59. Kf2 Kf4 60. Kg2 Ke3 61. Kg3 f5 62. Kg2 f4 63. Kg1 Ke2 64. Kg2 f3+ 65. Kg3
f2 0-1

[Event "Women's Speed Chess Q4"]
[Site "chess.com INT"]
[Date "2020.06.21"]
[Round "1"]
[White "Jakubowska, Anna"]
[Black "Hoang, Thi Bao Tram"]
[Result "0-1"]
[WhiteTitle "WIM"]
[BlackTitle "WGM"]
[WhiteElo "2073"]
[BlackElo "2288"]
[WhiteFideId "1121952"]
[BlackFideId "12401102"]
[EventDate "2020.06.21"]

1. e4 c6 2. d4 d5 3. exd5 cxd5 4. Bd3 Nc6 5. c3 Qc7 6. Ne2 Bg4 7. Bf4 Qd7 8. O-O
e6 9. h3 Bh5 10. Re1 Nf6 11. Qd2 Be7 12. Ng3 Bg6 13. Bxg6 hxg6 14. Qe2 a6 15.
Nd2 Bd6 16. Bxd6 Qxd6 17. Nf3 O-O 18. Ne5 Nd7 19. h4 Ndxe5 20. dxe5 Qe7 21. h5
Qg5 22. Rad1 b5 23. hxg6 Qxg6 24. Qe3 Rab8 25. b3 Rfc8 26. Rc1 Ne7 27. Qa7 Qg5
28. Rc2 Ng6 29. Qxa6 Nxe5 30. Qa7 Ra8 31. Qd4 Nc6 32. Qd3 b4 33. c4 d4 34. Ne4
Qg6 35. Rd1 e5 36. c5 Ne7 37. f3 Rc6 38. Nd6 Qxd3 39. Rxd3 Nd5 40. Nc4 f6 41. g3
Rxc5 42. f4 Nc3 43. fxe5 fxe5 44. Rdd2 Kf7 45. Rh2 Ke6 46. g4 d3 47. Rcd2 e4 48.
Kf1 Rf8+ 49. Rhf2 Rh8 50. Rf4 Rh1+ 51. Kg2 Ra1 52. Rff2 Rc8 53. Kg3 Rh8 54. Kf4
Rf8+ 55. Kg3 Rxf2 56. Kxf2 Nd5 57. Ne3 Nxe3 58. Kxe3 Ke5 59. Rf2 Re1+ 60. Kd2
Rg1 61. Rf5+ Kd4 62. Rf7 Rg2+ 63. Ke1 e3 64. Rd7+ Kc3 65. Rc7+ Kb2 66. Rd7 Rg1# 0-1

[Event "Women's Speed Chess Q4"]
[Site "chess.com INT"]
[Date "2020.06.21"]
[Round "1"]
[White "Kubicka, Anna"]
[Black "Priyanka, K"]
[Result "1/2-1/2"]
[WhiteTitle "WIM"]
[BlackTitle "WIM"]
[WhiteElo "2256"]
[BlackElo "2218"]
[WhiteFideId "1152254"]
[BlackFideId "5082986"]
[EventDate "2020.06.21"]

1. e4 c5 2. Ne2 d6 3. g3 Nf6 4. Bg2 e5 5. O-O Be7 6. c3 d5 7. exd5 Nxd5 8. d4
exd4 9. cxd4 Be6 10. dxc5 Bxc5 11. Nd4 O-O 12. Nxe6 fxe6 13. Qe2 Qf6 14. Nd2 Nc6
15. Ne4 Qe5 16. Bd2 Bb6 17. Rae1 Rae8 18. Nc3 Qxe2 19. Rxe2 Nd4 20. Re5 Nxc3 21.
Bxc3 Nf3+ 22. Bxf3 Rxf3 23. Kg2 Ref8 24. Re2 R8f5 25. a4 Kf7 26. a5 Bc5 27. Be5
Rb3 28. Rc1 b6 29. axb6 axb6 30. Rd1 Rbf3 31. Rf1 h5 32. h3 Rd3 33. g4 hxg4 34.
hxg4 Rg5 35. f3 Re3 36. Rxe3 Bxe3 37. Bc3 Rd5 38. Re1 Bd2 39. Re4 Bxc3 40. bxc3
Rc5 41. Rb4 Rxc3 42. Rxb6 Kf6 43. Kg3 g5 44. Rb5 e5 45. Rb6+ Kf7 46. Kf2 Ra3 47.
Ke2 Rc3 48. Ra6 Rb3 49. Ra5 Ke6 50. Ra7 Kf6 51. Ra6+ Kf7 52. Ra8 Kf6 53. Rd8 Ra3
54. Rd6+ Kf7 55. Rd3 Rxd3 56. Kxd3 Kf6 57. Ke4 Ke6 58. Ke3 Kd5 59. Kd3 Kd6 60.
Ke2 Ke7 61. Ke3 Kd6 62. Kd3 Kd5 63. Ke3 Kd6 64. Ke4 Ke6 65. Ke3 Kd5 66. Kd3 Kd6
67. Ke3 Kd5 1/2-1/2